| 000 | 00999nam a22002771a 4500 | ||
|---|---|---|---|
| 001 | 32764 | ||
| 003 | AR-RoBPED | ||
| 005 | 20260514132854.0 | ||
| 007 | ta | ||
| 008 | 260514s1971 ag a|||br|||||||1 0|spa | ||
| 040 |
_aAR-BaBN _eaacr _dAR-RoBPED |
||
| 041 | _aspa | ||
| 100 |
_aD'Amelio de Schefini, Nélida R. _930849 |
||
| 245 | 1 | 0 |
_aCuentos con cuentas : _bmatemática moderna para 2o grado / _cpor Nélida R. D'Amelio de Schefini y Alberto H. Schefini ; con la supervisión del profesor Alfredo B. Besio. |
| 260 |
_aBuenos Aires : _bEstrada, _c1971. |
||
| 300 |
_a202 p. : _bil. |
||
| 500 | _aEn portada: "Guía para el maestro". | ||
| 650 | 4 |
_aARCHIVO INFANTIL _924464 |
|
| 650 | 4 |
_aENSEÑANZA DE LAS MATEMATICAS _9818 |
|
| 650 | 4 |
_aSEGUNDO GRADO _91622 |
|
| 650 | 4 |
_aMATEMATICAS MODERNAS _91666 |
|
| 700 | 1 |
_aSchefini, Alberto Hugo _930850 |
|
| 700 | 1 |
_aBesio, Alfredo B. _930851 |
|
| 942 |
_2udc _aK. 32764 _cBK _h51 _kIA _mD 15 _pInv. 42447 |
||
| 945 | _ann 14/05/2026 - cd 14/05/2026 | ||
| 999 |
_c32764 _d32764 |
||